| Record ID | ia:ladykiller87thpr00mcba |
| Source | Internet Archive |
| Download MARC XML | https://archive.org/download/ladykiller87thpr00mcba/ladykiller87thpr00mcba_marc.xml |
| Download MARC binary | https://www.archive.org/download/ladykiller87thpr00mcba/ladykiller87thpr00mcba_meta.mrc |
LEADER: 00808cam 2200253 a 4500
001 94016284
003 DLC
005 20020212122142.0
008 940408r19941958nyua 000 1 eng
010 $a 94016284
020 $a1562871005 (trade ed.) :$c$22.00 ($29.50 Can.)
020 $a1562871013 (ltd. ed.)
040 $aDLC$cDLC$dDLC
043 $an-us---
050 00 $aPS3515.U585$bL3 1994
082 00 $a813/.54$220
100 1 $aMcBain, Ed,$d1926-
245 10 $aLady killer :$ban 87th Precinct novel /$cEd McBain.
260 $aNew York :$bOtto Penzler Books,$cc1994.
300 $a157 p. :$bill. ;$c23 cm.
500 $a"The Armchair Detective library."
650 0 $a87th Precinct (Imaginary place)$xFiction.
650 0 $aPolice$zUnited States$xFiction.
655 7 $aDetective and mystery stories.$2gsafd